MARC

LEADER 00000nam0a2200000 4500
001 677824
005 20241223133833.0
035 |a (RuTPU)RU\TPU\book\348707 
090 |a 677824 
100 |a 20241223d1969 k||y0rusy50 ca 
101 0 |a rus 
102 |a RU 
105 |a a z 001yy 
181 0 |a i   |b  e  
182 0 |a n 
183 0 |a nc  |2 RDAcarrier 
200 1 |a Экономика открытой разработки рудных месторождений  |e [сборник]  |f Институт горного дела; отв. ред. Ю. И. Жернаков, Л. А. Архипова 
203 |a Текст  |b визуальный  |c непосредственный 
210 |a Свердловск  |c Изд-во ИГД  |d 1969 
215 |a 127 с.  |c ил. 
225 1 |a Труды института горного дела   |v Вып. 21 
283 |a volume  |2 RDAcarrier 
320 |a Библиография в конце статей 
606 1 |a Горные работы открытые  |x Экономическая эффективность  |9 35708 
610 1 |a рудные месторождения 
610 1 |a карьеры 
610 1 |a проектирование 
610 1 |a техника 
610 1 |a технология 
610 1 |a транспорт 
610 1 |a оперативное планирование 
610 1 |a управление 
610 1 |a экономический анализ 
610 1 |a себестоимость 
675 |a 622.271:658  |v 4 
702 1 |a Жернаков  |b Ю. И.  |4 340 
702 1 |a Архипова  |b Л. А.  |4 340 
712 0 2 |a Институт горного дела  |c (Свердловск)  |c (1962-1994)  |9 28110 
801 1 |a RU  |b 63413507  |c 20241223 
801 2 |a RU  |b 63413507  |c 20200625  |g RCR 
830 |a Ретро2024Продолжающиеся 
850 |a 63413507 
942 |c CR